000 01088nam a2200253 a 4500
001 BRCA_393
005 20190320203005.0
008 880729s1993 mx-#---###---f000-0#spa-#
020 _a9686664705
040 _aDLC
_cDLC
_dDLC
050 4 _aND2644
_b.S64 1993
245 1 0 _aSobre la encáustica y el fresco
_bDiego Rivera y Juan O´Gorman.
250 _a2
260 _aMéxico
_bEl Colegio Nacional
_c1993
300 _a48 p.
_c21 cm.
505 0 _aContenido : Disertación sobre la técnica de la encáustica y del fresco / relatado por Diego Rivera a Juan O´Gorman. -- Técnica empleada por Diego Rivera para pintar al fresco / por Juan O´Gorman
600 1 4 _aRivera, Diego
_d1886-1957
_91330
600 1 4 _aO´Gorman, Juan
_d1905
_91331
650 1 4 _aPintura mural mexicana
_ySiglo XX
_9482
650 1 4 _aPintura encaústica
_xTécnicas
_91332
700 1 _aRivera, Diego
_d1886-1957
_tDisertación sobre la técnica de la encáustica y del fresco
_f1993
_91333
700 1 _aO´Gorman, Juan
_d1905-
_tTécnica empleada por Diego Rivera para pintar al fresco
_f1993
_91334
942 _2lcc
_cB
999 _c328
_d328